Zoznam zahraničných biomedicínskych časopisov dochádzajúcich do Slovenskej republiky v r.2002 : Vol.26

Gespeichert in:
Bibliographische Detailangaben
Format: Buch
Sprache:Slowakisch
Veröffentlicht: Bratislava : Slovenská lekárska knižnica, 2002
Tags: Tag hinzufügen
Keine Tags, Fügen Sie das erste Tag hinzu!

MARC

LEADER 00000nam a22000003a 4500
001 stu76496
005 20150408161801.0
008 020709s2002----xo------------------slo-d
020 |a 80-88970-11-3 
040 |a STU  |b slo 
041 0 |a slo 
044 |a xo 
080 |a 025.2(051) 
245 |a Zoznam zahraničných biomedicínskych časopisov dochádzajúcich do Slovenskej republiky v r.2002 :  |b Vol.26 
260 |a Bratislava :  |b Slovenská lekárska knižnica,  |c 2002 
300 |a 250 s 
996 |b 284C026998  |c C*B2369  |l CCI  |s A  |a 24  |w stu76496_0001